Culture Générale - Série 1740 - Statistiques

Statistiques générales
  • Ce quiz a été pris 145 fois
  • Le résultat moyen est 6 sur 10
Statistiques - réponses
Question Réponse % Correct
Quel pays est séparé du Maroc par le détroit de Gibraltar ? Espagne
98%
Quel est le pays d'origine des wallabies ? Australie
90%
Quelle souveraine a donné son nom à des chutes d'eau célèbres ? Victoria
86%
Quel pays européen est souvent associé à la couleur verte ? Irlande
79%
Quel fleuve traverse le plus de pays ? Nil
67%
A quel pays appartient l'île de Koh Lanta ? Thaïlande
65%
Quel sommet alpin figure sur l'emballage triangulaire de la barre de chocolat Toblerone ? Cervin
30%
Quel était le prénom du célèbre explorateur Livingstone ? David
18%
Quelle est la patrie du monarque Robert de Brus (1274-1329) ? Écosse
17%
Dans quelle ville des Etats Unis est née l'actrice Nicole Kidman ? Honolulu
10%
Aucun quiz correspondant
Distribution des résultats
% des personnes avec chaque résultat
Percentile par nombre de réponses
Votre historique - résultats
Vous n’avez pas pris ce quiz